La formación docente en América Latina: un desafío que requiere respuesta

Saved in:
Bibliographic Details
Main Author: Castro, Eduardo (Author)
Format: Book
Language:Spanish
Published: Santiago Unesco-Orealc 1991
Subjects:
Tags: Add Tag
No Tags, Be the first to tag this record!

MARC

LEADER 00000nam a2200000 a 4500
001 UCW6733
003 CL-VaPUC
008 920430e19910000CL |||||||||||||||||spa|d
082 0 4 |a 370.71  |b CAS  |2 21 
100 0 |a Castro, Eduardo  |e author  |9 311798 
245 1 3 |a La formación docente en América Latina: un desafío que requiere respuesta 
300 |a 122 p 
942 |c BK 
945 |d 19920430 00:00:00 
260 |a Santiago  |b Unesco-Orealc  |c 1991 
650 0 |a Formación profesional de profesores  |9 307493 
651 0 |a América Latina   |9 255027 
583 |a last modification  |c 19920430 00:00:00  |k Rodrigo Vera 
999 |c 219696  |d 219694 
952 |0 0  |1 0  |4 0  |6 370_710000000000000_CAS_1991  |7 0  |8 A  |9 210920  |a BIBEDU  |b BIBEDU  |c ES_NOD  |d 2019-11-15  |i 2791498  |o 370.71 CAS 1991  |p 2791498  |r 2023-08-09  |w 2019-11-15  |y BK  |k EDU